| 000 | 00391nam a2200157Ia 4500 | ||
|---|---|---|---|
| 008 | 230917s9999||||xx |||||||||||||| ||und|| | ||
| 020 | _cRS300 | ||
| 040 |
_e23868 _aMAIN |
||
| 041 | _aEnglish | ||
| 082 | _a780.954 S64B | ||
| 100 | _aSingh, Thakur Jaidev | ||
| 245 | 0 | _aBharatiya sangeet ka itihas | |
| 260 |
_aCalcutta _bSangeet Research Academy _c1994 |
||
| 300 | _a406 p. | ||
| 942 | _cBK | ||
| 999 |
_c91257 _d91257 |
||